| 000 | 00812cam a22002533a 4500 | ||
|---|---|---|---|
| 001 | 19301 | ||
| 003 | PGUSA | ||
| 005 | 20140828083417.0 | ||
| 008 | 060916s2006||||xxu|||||s|||||000 | eng d | ||
| 040 |
_aPGUSA _beng |
||
| 042 | _adc | ||
| 050 | 4 | _aF1001 | |
| 100 | 1 |
_aFeild, Edward, _d1801-1876 |
|
| 245 | 1 | 0 |
_aExtracts from a Journal of a Voyage of Visitation in the "Hawk," 1859 _h[electronic resource] / _cEdward Feild |
| 260 |
_bProject Gutenberg, _c2006 |
||
| 506 | _aPublic domain in the USA. | ||
| 516 | _aElectronic text | ||
| 653 | _aNewfoundland and Labrador -- Description and travel | ||
| 653 | _aChurch of England. Diocese of Newfoundland | ||
| 653 | _aChurch of England -- Missions | ||
| 830 | 0 |
_aProject Gutenberg _v19301 |
|
| 856 | 4 | 0 | _uhttp://www.gutenberg.org/ebooks/19301 |
| 942 | _cEB | ||
| 999 |
_c248556 _d248556 |
||